书目信息 |
| 题名: |
色彩风景写生基础
|
|
| 作者: | 麻爱周 编著 | |
| 分册: | ||
| 出版信息: | 北京 中国纺织出版社 2003.10 |
|
| 页数: | 121页 | |
| 开本: | 28cm | |
| 丛书名: | 色彩写生基础丛书 | |
| 单 册: | ||
| 中图分类: | J211.26 | |
| 科图分类: | ||
| 主题词: | 色彩--风景画--技法(美术) , 色彩 , 风景画 , 技法(美术) | |
| 电子资源: | ||
| ISBN: | 7-5064-2508-4 | |
| 000 | 00976oam2 2200301 450 | |
| 001 | 002224733 | |
| 005 | 20040216192750.0 | |
| 009 | 002224733 | |
| 010 | @a7-5064-2508-4@dCNY45.00 | |
| 100 | @a20041220d2003 em y0chiy0110 ea | |
| 101 | 0 | @achi |
| 102 | @aCN@b110000 | |
| 105 | @aa z 000yy | |
| 200 | 1 | @a色彩风景写生基础@Ase cai feng jing xie sheng ji chu@f麻爱周编著@Fma ai zhou bian zhu |
| 210 | @a北京@c中国纺织出版社@d2003.10 | |
| 215 | @a121页@d28cm | |
| 225 | 2 | @a色彩写生基础丛书 |
| 330 | @a本书内容包括:色彩风景的概述、色彩的基本原理,风景写生的工具材料与技法特点、油画风景写生步骤范例、水彩风景写生步骤范例、水粉风景写生步骤范例、色彩风景作品赏析等。 | |
| 410 | 0 | @12001 @a色彩写生基础丛书 |
| 606 | 0 | @a色彩@x风景画@x技法(美术) |
| 606 | 0 | @a色彩 |
| 606 | 0 | @a风景画 |
| 606 | 0 | @a技法(美术) |
| 690 | @aJ211.26@v4 | |
| 701 | 0 | @a麻爱周@Ama ai zhou@4编著 |
| 801 | 0 | @aCN@bNLC@c20041220 |
| 905 | @aBZT@dJ211.26@e2@f6 | |
| 906 | @dCNY45.00@n0@r1 | |
| 色彩风景写生基础/麻爱周编著.-北京:中国纺织出版社,2003.10 |
| 121页;28cm.-(色彩写生基础丛书) |
| ISBN 7-5064-2508-4:CNY45.00 |
| 本书内容包括:色彩风景的概述、色彩的基本原理,风景写生的工具材料与技法特点、油画风景写生步骤范例、水彩风景写生步骤范例、水粉风景写生步骤范例、色彩风景作品赏析等。 |
| ● |
| 相关链接 |
|
|
|
正题名:色彩风景写生基础
索取号:J211.26/2
 
预约/预借
| 序号 | 登录号 | 条形码 | 馆藏地/架位号 | 状态 | 备注 |
| 1 | 0376487 | 200890170 | 样本书库/样006架B面2层1列/ [索取号:J211.26/2] | 在馆 | |
| 2 | 0376488 | 200890143 | 中心书库中库/ 中库017架B面2列6层18/ [索取号:J211.26/2] | 在馆 | |
| 3 | 0376489 | 200890152 | 中心书库中库/ 中库016架B面2列2层9/ [索取号:J211.26/2] | 在馆 | |
| 4 | 0376490 | 200890125 | 中心书库中库/ 中库016架B面6列6层5/ [索取号:J211.26/2] | 在馆 | |
| 5 | 0376491 | 200890134 | 中心书库中库/ 中库017架A面2列6层19/ [索取号:J211.26/2] | 在馆 | |
| 6 | 0376492 | 200890107 | 中心书库中库/ 中库017架B面3列5层16/ [索取号:J211.26/2] | 在馆 |